00273nam a2200121Ia 4500008004100000020001800041041000800059082000800067100001500075245002600090260002700116300000800143240521s1999 xx 000 0 und d a81-239-0078-3 aeng a729 aGHOSE D.N. aA BOOK OF HOME PLANS. bC.B.S PUBLISHERSc1999 a229